Applied mechanics (Record no. 22409)

MARC details
000 -LEADER
fixed length control field 00289nam a2200121Ia 4500
082 ## - DEWEY DECIMAL CLASSIFICATION NUMBER
Classification number 531
Item number TIT
100 ## - MAIN ENTRY--AUTHOR NAME
Personal name Rimmer, J G
245 #0 - TITLE STATEMENT
Title Applied mechanics
260 ## - PUBLICATION, DISTRIBUTION, ETC. (IMPRINT)
Place of publication London
Name of publisher McGraw Hill
Year of publication 1970
700 ## - ADDED ENTRY--PERSONAL NAME
Personal name Titherington, D
942 ## - ADDED ENTRY ELEMENTS (KOHA)
Koha item type Books
Holdings
Withdrawn status Lost status Damaged status Not for loan Home library Current library Date acquired Cost, normal purchase price Full call number Accession Number Koha item type
        RRII Library RRII Library 16/12/2021 32.80 531 TIT 03129 Books